00353 a2200133 450000100060000002000150000604000220002124000480004324500430009130000080013436200090014244000130015165000550016461669 a8526249207 cAnchieta - Pituba10aConstruindo consciências 5ª sérielpor10aConstruindo consciências 5ª série a2690 a2003 1aScipione 4aBIOLOGIA, CIÊNICAS DA VIDA (CIÊNCIAS NATURAIS)